01562 a2200157 45000010006000000050017000060080041000230030015000640400040000790800052001192450042001712640057002133000019002705051088002891000027013775781520260407155838.0260407a1964 arg spa dAR-UNSa-BCEJYS aAR-UNSa-BCEJYSbspacAR-UNSa-BCEJYS a342xDerecho constitucional (Derecho Público)10aManual de la Constitución Argentina 1aCórdoba :bUniversidad Nacional de Córdobac1964 a590 p.c23 cm. a1. Nociones fundamentales – 2. Nociones fundamentales (continuación) – 3. De los derechos en general – 4. Libertad e igualdad civiles – 5. De los derechos civiles con relación al trabajo y a los bienes – 6. Derechos y libertades en relación inmediata con la personalidad – 7. De los derechos con relación a la seguridad y defensa individuales – 8. De los derechos políticos – 9. Suspensión de las garantías constitucionales. Estado de sitio – 10. Naturaleza, forma y caracteres – 11. Formación del Gobierno. Derecho electoral – 12. Composición y distribución de los poderes del gobierno – 13. Del poder legislativo – 14. Privilegios y poderes del Congreso – 15. Atribuciones del congreso – 16. Atribuciones del congreso (continuación) – 17. Procedimiento parlamentario – 18. Del poder ejecutivo – 19. Del poder judicial – 20. De las provincias y sus poderes – 21. Relaciones entre las provincias – 22. Intervención del gobierno federal en el régimen interno de las provincias – 23. La constitución, ley suprema 1 aGonzález, Joaquin V.